<?xml version="1.0" encoding="UTF-8"?><?xml-stylesheet type="text/xsl" href="static/style.xsl"?><OAI-PMH xmlns="http://www.openarchives.org/OAI/2.0/" xmlns:xsi="http://www.w3.org/2001/XMLSchema-instance" xsi:schemaLocation="http://www.openarchives.org/OAI/2.0/ http://www.openarchives.org/OAI/2.0/OAI-PMH.xsd"><responseDate>2026-04-13T13:28:06Z</responseDate><request verb="GetRecord" identifier="oai:www.recercat.cat:2072/462614" metadataPrefix="marc">https://recercat.cat/oai/request</request><GetRecord><record><header><identifier>oai:recercat.cat:2072/462614</identifier><datestamp>2025-10-07T12:15:12Z</datestamp><setSpec>com_2072_98</setSpec><setSpec>col_2072_378192</setSpec></header><metadata><record xmlns="http://www.loc.gov/MARC21/slim" xmlns:dcterms="http://purl.org/dc/terms/" xmlns:xsi="http://www.w3.org/2001/XMLSchema-instance" xmlns:doc="http://www.lyncode.com/xoai" xsi:schemaLocation="http://www.loc.gov/MARC21/slim http://www.loc.gov/standards/marcxml/schema/MARC21slim.xsd">
   <leader>00925njm 22002777a 4500</leader>
   <datafield ind2=" " ind1=" " tag="042">
      <subfield code="a">dc</subfield>
   </datafield>
   <datafield ind2=" " ind1=" " tag="720">
      <subfield code="a">Aymerich, Àngels</subfield>
      <subfield code="e">author</subfield>
   </datafield>
   <datafield ind2=" " ind1=" " tag="720">
      <subfield code="a">Albarracín Gordo, Lluís</subfield>
      <subfield code="e">author</subfield>
   </datafield>
   <datafield ind2=" " ind1=" " tag="260">
      <subfield code="c">2022</subfield>
   </datafield>
   <datafield ind2=" " ind1=" " tag="520">
      <subfield code="a">En nuestro trabajo estamos interesados en promover el aprendizaje de conocimientos estadísticos por parte de alumnos de educación secundaria a partir de la modelización matemática. En concreto, usamos problemas estadísticos abiertos donde se estudian fenómenos sociales reales a partir de grandes cantidades de datos que cumplen con los principios de diseño de las model-eliciting activities con alumnos del último curso de educación obligatoria en España (15 años). Las tareas se dirigen a promover el desarrollo del concepto de variabilidad y aplicarlo para entender la situación estudiada a partir de un modelo matemático. En este estudio nos centramos en identificar los episodios clave de la actividad en los que se avanza en la construcción de los modelos matemáticos y los elementos que los promueven. Para ello se desarrolla un análisis cualitativo a partir de las grabaciones del trabajo en grupo de los alumnos en el aula a partir del uso de diagramas de actividad modelizadora. Los resultados obtenidos muestran que algunas decisiones de diseño del problema, como la gran cantidad de datos, o la ambigüedad de conceptos sociales, como el de justicia y equidad en los impuestos, resultan esenciales para el desarrollo de los modelos matemáticos. Las conclusiones del artículo tienen implicaciones para el diseño de tareas estadísticas, pero también para identificar el rol de la modelización matemática en el aprendizaje de conceptos estadísticos.</subfield>
   </datafield>
   <datafield ind2=" " ind1=" " tag="520">
      <subfield code="a">This work is intended to assist 15-year-old secondary school students to learn about statistics using mathematical modeling. Specifically, open statistical problems are presented in which real social phenomena are studied by students using large data sets that comply with the design principles of model-eliciting activities. The tasks assigned are aimed at presenting the concept of variability and its application to understanding the situations studied using a mathematical model. The study focuses on identifying key episodes in the activities in which progress is made in the construction of mathematical models, and the elements that promote them. To do so, a qualitative analysis is carried out based on records of the students' group work in the classroom using Modeling Activity Diagrams. The results obtained show that decisions about the design of a problem, such as using large amounts of data, or the ambiguity of social concepts such as "fair taxation," are essential for promoting the development of mathematical models. The conclusions of this investigation have implications for the design of statistical tasks, and also for identifying the role of mathematical modeling in the learning of statistical concepts.</subfield>
   </datafield>
   <datafield tag="653" ind2=" " ind1=" ">
      <subfield code="a">Modelización matemática</subfield>
   </datafield>
   <datafield tag="653" ind2=" " ind1=" ">
      <subfield code="a">Actividades promotoras de la modelización</subfield>
   </datafield>
   <datafield tag="653" ind2=" " ind1=" ">
      <subfield code="a">Diagramas de actividad modelizadora</subfield>
   </datafield>
   <datafield tag="653" ind2=" " ind1=" ">
      <subfield code="a">Educación secundaria</subfield>
   </datafield>
   <datafield tag="653" ind2=" " ind1=" ">
      <subfield code="a">Estadística</subfield>
   </datafield>
   <datafield tag="653" ind2=" " ind1=" ">
      <subfield code="a">Variabilidad</subfield>
   </datafield>
   <datafield tag="653" ind2=" " ind1=" ">
      <subfield code="a">Mathematical modeling</subfield>
   </datafield>
   <datafield tag="653" ind2=" " ind1=" ">
      <subfield code="a">Model-eliciting activities;</subfield>
   </datafield>
   <datafield tag="653" ind2=" " ind1=" ">
      <subfield code="a">Modeling Activity Diagrams</subfield>
   </datafield>
   <datafield tag="653" ind2=" " ind1=" ">
      <subfield code="a">Secondary education</subfield>
   </datafield>
   <datafield tag="653" ind2=" " ind1=" ">
      <subfield code="a">Statistics</subfield>
   </datafield>
   <datafield tag="653" ind2=" " ind1=" ">
      <subfield code="a">Variability</subfield>
   </datafield>
   <datafield ind2="0" ind1="0" tag="245">
      <subfield code="a">Modelización matemática en actividades estadísticas: Episodios clave para la generación de modelos</subfield>
   </datafield>
</record></metadata></record></GetRecord></OAI-PMH>